Catálogo

Einstein relativamente fáicl / (Registro nro. 25409)

Detalles MARC
000 -LEADER
fixed length control field 01109cam a2200301 i 4500
001 - CONTROL NUMBER
control field 25409
003 - CONTROL NUMBER IDENTIFIER
control field Mx-PuUPA
005 - DATE AND TIME OF LATEST TRANSACTION
control field 20260219102024.0
008 - FIXED-LENGTH DATA ELEMENTS--GENERAL INFORMATION
fixed length control field 140415s2001 sp a gr 000 0 spa d
017 ## - COPYRIGHT OR LEGAL DEPOSIT NUMBER
Copyright or legal deposit number B-26264-XLIV
020 ## - INTERNATIONAL STANDARD BOOK NUMBER
International Standard Book Number 8475560725
040 ## - CATALOGING SOURCE
Original cataloging agency Mx-PuUPA
Language of cataloging spa
Transcribing agency Mx-PuUPA
Modifying agency Mx-PuUPA
Description conventions rda
041 0# - LANGUAGE CODE
Language code of text/sound track or separate title spa
100 1# - MAIN ENTRY--PERSONAL NAME
Personal name Gómez, Teo,
Dates associated with a name 1955-
Relator term autor
9 (RLIN) 17851
245 10 - TITLE STATEMENT
Title Einstein relativamente fáicl /
Statement of responsibility, etc. Teodoro Gómez
264 #1 - PRODUCTION, PUBLICATION, DISTRIBUTION, MANUFACTURE, AND COPYRIGHT NOTICE
Place of production, publication, distribution, manufacture Barcelona, España :
Name of producer, publisher, distributor, manufacturer Océano grupo Editorial,
Date of production, publication, distribution, manufacture, or copyright notice ©2001
300 ## - PHYSICAL DESCRIPTION
Extent 203 páginas :
Other physical details ilustraciones ;
Dimensions 21 cm
336 ## - CONTENT TYPE
Fuente rdacontent
Content type term texto
Content type code txt
337 ## - MEDIA TYPE
Source rdamedia
Media type term sin medio
Media type code n
338 ## - CARRIER TYPE
Source rdacarrier
Carrier type term volumen
Carrier type code nc
500 ## - GENERAL NOTE
General note "La guía definitiva para entender a Einstein y las teorías que cambiaron nuestra concepción del universo." -- Portada
600 14 - SUBJECT ADDED ENTRY--PERSONAL NAME
Personal name Einstein, Albert
Dates associated with a name (1879-1955)
General subdivision Crítica e interpretación
600 14 - SUBJECT ADDED ENTRY--PERSONAL NAME
Personal name Einstein, Albert,
Dates associated with a name 1879-1955
General subdivision Literatura juvenil
650 #7 - SUBJECT ADDED ENTRY--TOPICAL TERM
9 (RLIN) 13986
Source of heading or term armarc
Topical term or geographic name entry element Relatividad (Física)
942 ## - ADDED ENTRY ELEMENTS (KOHA)
Source of classification or shelving scheme Dewey Decimal Classification
Koha item type Libro
Classification part 530.11
Item part G63
Existencias
Withdrawn status Lost status Source of classification or shelving scheme Damaged status Not for loan Collection code Home library Current library Shelving location Date acquired Source of acquisition Total Checkouts Full call number Barcode Price effective from Koha item type
    Dewey Decimal Classification   En catalogación General Centro de Estudios en Ciencia y Religión Centro de Estudios en Ciencia y Religión Sala general 03/12/2013 Compra   530.11 G63 2001 47328 03/12/2013 Libro